All Modern-Day Countries of Buddhism's Expansion - Statistics

General Stats
  • This quiz has been taken 187 times
  • The average score is 29 of 30
Answers on the Map
Answers color-coded by a green-red scale on the quiz's map according to % correct below.
 
Answer Stats
Country % Correct
China
99%
India
98%
Indonesia
98%
Bhutan
97%
Japan
97%
Nepal
97%
Afghanistan
96%
Bangladesh
96%
Cambodia
96%
Kazakhstan
96%
Laos
96%
Malaysia
96%
Mongolia
96%
Myanmar
96%
Pakistan
96%
South Korea
96%
Sri Lanka
96%
Vietnam
96%
Thailand
95%
North Korea
94%
Singapore
94%
Tajikistan
94%
Turkmenistan
94%
Iran
93%
Taiwan
93%
Uzbekistan
93%
Kyrgyzstan
92%
Brunei
89%
Maldives
89%
Maldives
89%
No matching quizzes found
Score Distribution
Percent of People with Each Score
Percentile by Number Answered
Your Score History
You have not taken this quiz